000 01672nam a22004330a 4500
001 PT27557
003 AR-LpoUNG
005 20250213120152.0
008 201001s2007||||ag |||||||||||||||||spa d
020 _a9789879017692
_c$31,33
040 _aAR-LpoUNG
_bspa
_eaacr
_cAR-LpoUNG
041 0 _aspa
044 _aag
082 0 _a334.01 477fin
100 1 _aVerbeke, Griselda
245 1 4 _aLas finanzas y la economía social :
_bexperiencias argentinas
250 _a1ra. ed.
260 _aBuenos Aires :
_bUniversidad Nacional de General Sarmiento - Altamira,
_c2007.
300 _a416 p. :
_btbls.
490 0 _aLecturas de Economía Social
520 _aEnfoques relativos al papel de las finanzas en la economía social, que dejan entrever la pugna latente entre las finanzas solidarias, que incorporan orgánicamente al cooperativismoi de crédito, y el atomismo del microcrédito, pugna que se profundizará en América Latina en la medida que el capital financiero siga intentando incorporar a su estrategia global los lucrativos mercados de finanzas para pobres.
650 4 _aAMERICA LATINA
650 4 _aARGENTINA
650 4 _aAUTOGESTION DE TRABAJADORES
650 4 _aCOOPERATIVAS
650 4 _aCOOPERATIVAS DE CREDITO
650 4 _aCREDITO
650 4 _aECONOMIA
650 4 _aESTUDIOS DE CASOS
650 4 _aFINANCIAMIENTO DE EMPRESAS
650 4 _aMICROECONOMIA
653 0 _aECONOMIA SOLIDARIA
700 1 _aCarbonetti, Clara Inés
700 1 _aMuñoz, Ruth
700 1 _aOzomek, Sabina
856 4 0 _uhttp://repositorio.ungs.edu.ar:8080/xmlui/handle/UNGS/954
_yTexto completo
905 _a27557
942 _cLIB
_2ddc
999 _c52014
_d52014